Sports Quiz

Random Sports or Football Quiz

Arsenal FC - 1993 FA Cup Winning Team (Map) Quiz Stats

 Plays Quiz not verified by Sporcle

Score 0/14 Timer 08:00
0 Plays Today
% Correct
Tony Adams - Not In Picture
100%
David Seaman
96.8%
Ian Wright
94.9%
Lee Dixon
92%
Nigel Winterburn
90.7%
Ray Parlour
90.7%
Alan Smith
80.6%
% Correct
Paul Merson
76.6%
Kevin Campbell
69.7%
David O'Leary
67.6%
John Jensen
61.4%
Paul Davis
58%
Andy Linighan
50.8%
Ian Selley
29.5%

You're not logged in!

Compare scores with friends on all Sporcle quizzes.
OR
Log In

You Might Also Like...

Show Comments

Extras

Top Quizzes Today


Score Distribution

Your Account Isn't Verified!

In order to create a playlist on Sporcle, you need to verify the email address you used during registration. Go to your Sporcle Settings to finish the process.

Report this User

Report this user for behavior that violates our Community Guidelines.

Details: